000
00267nam a2200109Ia 4500
008
200302s9999 xx 000 0 und d
100
_a
Simon Bell
245
_a
Landscape Pattern Perception and Process
260
_b
E. & F. N. Spon
260
_c
1999
300
_a
344 P.,
999
_c
1485
_d
1485